000
00208 a2200109 4500
020
_a
9781426324888
041
_a
spa
100
_a
SCHREIBER, Anne
245
_a
Los Tiburones
942
_c
BK
952
_7
4
_x
ok
999
_c
25914
_d
25914